Estudio y diseño de un sistema de control y programación de operaciones con el fin de aumentar la productividad en la empresa Bloques Pedregal S. A.

Salvato in:
Dettagli Bibliografici
Autore principale: Arias Vargas, Marco Antonio
Altri autori: Ballestero Sibaja, Reynaldo J
Natura: Libro
Pubblicazione: San José, C.R 1998
Soggetti:
Tags: Aggiungi Tag
Nessun Tag, puoi essere il primo ad aggiungerne!!

MARC

LEADER 00000nam a2200000Ia 4500
003 008403
005 20221231144225.0
008 140114s1998 cr a m 000 ||s d
040 |c cru CEDI 
090 |a TFG 3806 
100 |a Arias Vargas, Marco Antonio  |9 6220 
245 |a Estudio y diseño de un sistema de control y programación de operaciones con el fin de aumentar la productividad en la empresa Bloques Pedregal S. A. 
260 |c 1998  |a  San José, C.R 
300 |a xv, 130, [100] hojas : ilustraciones  
500 |a Proyecto de graduación (licenciatura en ingeniería industrial)--Universidad de Costa Rica. Facultad de Ingeniería. Escuela de Ingeniería Industrial 
650 |x BLOQUES PEDREGAL (COSTA RICA)   |x CONTROL DE LA PRODUCCION   |x PROGRAMACION DE LA PRODUCCION  |9 9118 
700 |9 9117  |a Ballestero Sibaja, Reynaldo J 
942 |c TFG 
999 |c 18680  |d 18680